Laboratory medicine : (Record no. 4185)

MARC details
000 -LEADER
fixed length control field 01025pam a2200289 a 4500
001 - CONTROL NUMBER
control field 2487201
003 - CONTROL NUMBER IDENTIFIER
control field OSt
005 - DATE AND TIME OF LATEST TRANSACTION
control field 20160526192305.0
008 - FIXED-LENGTH DATA ELEMENTS--GENERAL INFORMATION
fixed length control field 910614s1991 nyua b 001 0 eng c
010 ## - LIBRARY OF CONGRESS CONTROL NUMBER
LC control number 91023261
020 ## - INTERNATIONAL STANDARD BOOK NUMBER
International Standard Book Number 0443085765
040 ## - CATALOGING SOURCE
Original cataloging agency DNLM/DLC
Transcribing agency DLC
Modifying agency DLC
050 00 - LIBRARY OF CONGRESS CALL NUMBER
Classification number RB37
Item number .L2752 1991
060 ## - NATIONAL LIBRARY OF MEDICINE CALL NUMBER
Classification number QY 4 L1233
082 00 - DEWEY DECIMAL CLASSIFICATION NUMBER
Classification number QY 4
Edition number 20
Item number L111 1991
245 00 - TITLE STATEMENT
Title Laboratory medicine :
Remainder of title test selection and interpretation /
Statement of responsibility, etc. editors, Joan H. Howanitz, Peter J. Howanitz ; section editors, P. Joanne Cornbleet, Ron B. Schifman, Lawrence D. Petz.
260 ## - PUBLICATION, DISTRIBUTION, ETC. (IMPRINT)
Place of publication, distribution, etc. New York :
Name of publisher, distributor, etc. Churchill Livingstone,
Date of publication, distribution, etc. 1991.
300 ## - PHYSICAL DESCRIPTION
Extent xv, 966 p. :
Other physical details ill. ;
Dimensions 29 cm.
504 ## - BIBLIOGRAPHY, ETC. NOTE
Bibliography, etc Includes bibliographical references and index.
650 #0 - SUBJECT ADDED ENTRY--TOPICAL TERM
Topical term or geographic name as entry element Diagnosis, Laboratory.
9 (RLIN) 904
650 #2 - SUBJECT ADDED ENTRY--TOPICAL TERM
Topical term or geographic name as entry element Diagnosis, Laboratory.
9 (RLIN) 904
650 #2 - SUBJECT ADDED ENTRY--TOPICAL TERM
Topical term or geographic name as entry element Diagnostic Tests, Routine.
9 (RLIN) 9024
700 1# - ADDED ENTRY--PERSONAL NAME
Personal name Howanitz, Joan H.
9 (RLIN) 9025
700 1# - ADDED ENTRY--PERSONAL NAME
Personal name Howanitz, Peter J.
9 (RLIN) 9026
906 ## - LOCAL DATA ELEMENT F, LDF (RLIN)
a 7
b cbc
c orignew
d 1
e ocip
f 19
g y-gencatlg
942 ## - ADDED ENTRY ELEMENTS (KOHA)
Source of classification or shelving scheme Dewey Decimal Classification
Koha item type Open Shelf
Holdings
Withdrawn status Lost status Source of classification or shelving scheme Damaged status Not for loan Home library Current library Date acquired Inventory number Total Checkouts Full call number Barcode Date last seen Price effective from Koha item type
    Dewey Decimal Classification     MUST Main Library MUST Main Library 26/05/2016 1997/11045   QY 4 L111 1991 2016-2173 26/05/2016 26/05/2016 Open Shelf